El Proceso de paz en Guatemala /
Guardat en:
| Autor principal: | |
|---|---|
| Format: | Text |
| Etiquetes: |
Afegir etiqueta
Sense etiquetes, Sigues el primer a etiquetar aquest registre!
|
MARC
| LEADER | 00000 a a2200000 04500 | ||
|---|---|---|---|
| 001 | 18536 | ||
| 003 | |||
| 040 | |||
| 100 | |a Montenegro Ríos, Carlos Robert | ||
| 245 | |a El Proceso de paz en Guatemala / |c Carlos Robert Montenegro Ríos | ||
| 773 | |g número 31; páginas 123-126 | ||
| 999 | |c 39188 |d 39188 | ||
